000 01007nam a2200289 a 4500
001 000109779
003 CHAP
005 20220329144103.0
008 140527s2012 mx |rm |0|||||spa d
010 _a106241
011 _a107213
040 _cCHAP
090 _aTesis
100 1 _aDávila Céspedes, Antonio
_9127095
245 1 0 _aEfecto quimiopreventivo de los fructanos de Agave salmiana Otto ex Salm-Dick sobre el cáncer de colon /
_cpor Antonio Dávila Céspedes.
260 _aSan Luis Potosi, S. L. P. :
_bEl autor,
_c2012.
300 _alll, 64 h. :
_bil., cuadros.
502 _aTesis (M. C. en Ciencias Ambientales) -- Universidad Autónoma de San Luis Potosí. Facultades de Ciencias Químicas, Ingeniería y Medicina
590 _aE6096MTM
_b05
_c20140527
_lUCH01
_h1500
650 1 4 _aAgave salmiana.
_91106
650 1 4 _aFructosa.
_943587
650 1 4 _aPolímeros y polimerización.
_990281
650 1 4 _aQuimioterapia.
_993326
901 _aBK
942 _cTESIS
942 _n0
999 _c106241
_d106241